Is it in the European Union or not? - Statistics

General Stats
  • This quiz has been taken 738 times
  • The average score is 11 of 15
Answer Stats
Question Answer % Correct
Slovenia In the EU
96%
Slovakia In the EU
94%
Malta In the EU
90%
Gibraltar Not
89%
Finland In the EU
88%
The Vatican City Not
86%
Northern Ireland Not
85%
Cyprus In the EU
74%
Bosnia and Herzegovina Not
70%
Tenerife In the EU
68%
Montenegro Not
67%
New Caledonia Not
66%
The Azores In the EU
65%
French Guiana In the EU
58%
Ceuta In the EU
46%
No matching quizzes found
Score Distribution
Percent of People with Each Score
Percentile by Number Answered
Your Score History
You have not taken this quiz